000
00317nam a22001337a 4500
020
_a
978-93-87911-14-7
082
_a
894.812.3
_b
NAM/K
100
_a
NAMBOOTHIRIPPADU,HARISH R
245
_a
KUNJUNNIYUM VALYUNNIYUM
260
_a
THRISSUR
_b
H&C PUBLISHING HOUSE
300
_a
48
650
_a
STORY
_z
KERALA
942
_c
BK
999
_c
7101
_d
7101